MARC details
| 000 -CABECERA |
| campo de control de longitud fija |
01275cam a2200253 a 4500 |
| 001 - NÚMERO DE CONTROL |
| campo de control |
000002823 |
| 005 - FECHA Y HORA DE LA ÚLTIMA TRANSACCIÓN |
| campo de control |
20200929150250.0 |
| 008 - DATOS DE LONGITUD FIJA--INFORMACIÓN GENERAL |
| campo de control de longitud fija |
740725s1979 mx 001 0 spa |
| 020 ## - NÚMERO INTERNACIONAL ESTÁNDAR DEL LIBRO |
| Número Internacional Estándar del Libro |
9683500005 |
| 040 ## - FUENTE DE LA CATALOGACIÓN |
| Centro catalogador/agencia de origen |
DO-SdBNP |
| Centro/agencia transcriptor |
PBm |
| Centro/agencia modificador |
DLC |
| 082 ## - NÚMERO DE LA CLASIFICACIÓN DECIMAL DEWEY |
| Número de clasificación |
980.001 |
| Número de documento/Ítem |
Z41p |
| 100 1# - ENTRADA PRINCIPAL--NOMBRE DE PERSONA |
| Nombre de persona |
Zea, Leopoldo, |
| Fechas asociadas al nombre |
1912-2004 |
| 9 (RLIN) |
8934 |
| 245 10 - MENCIÓN DE TÍTULO |
| Título |
Precursores del pensamiento latinoamericano contemporáneo / |
| Mención de responsabilidad, etc. |
Leopoldo Zea. |
| 260 ## - PUBLICACIÓN, DISTRIBUCIÓN, ETC. |
| Lugar de publicación, distribución, etc. |
México : |
| Nombre del editor, distribuidor, etc. |
Diana, |
| Fecha de publicación, distribución, etc. |
1979. |
| 300 ## - DESCRIPCIÓN FÍSICA |
| Extensión |
260 p. ; |
| Dimensiones |
16 cm. |
| 490 1# - MENCIÓN DE SERIE |
| Mención de serie |
SepSetentas, |
| Designación de volumen o secuencia |
14 |
| 505 0# - NOTA DE CONTENIDO CON FORMATO |
| Nota de contenido con formato |
Nuestros indios, Manuel González Prada.--Nuestra América, José Martí.--Ariel, José E. Rodó.--La raza cosmica, José Vasconcelos.--El problema social y político, Antonio Caso.--La utopía de América, Pedro Henríquez Ureña.--Notas sobre la inteligencia americana, Alfonso Reyes.--Aislamiento, Ezequiel Martínez Estrada.--Regionalismo y centralismo, José Carlos. Mariátegui.--Conocimiento y expresión de la Argentina, Eduardo Mallea. |
| 650 #4 - PUNTO DE ACCESO ADICIONAL DE MATERIA--TÉRMINO DE MATERIA |
| Término de materia o nombre geográfico como elemento de entrada |
Filosofía latinoamericana |
| Subdivisión general |
Historia |
| 9 (RLIN) |
1121 |
| 650 #4 - PUNTO DE ACCESO ADICIONAL DE MATERIA--TÉRMINO DE MATERIA |
| Término de materia o nombre geográfico como elemento de entrada |
Filosofía latinoamericana |
| 9 (RLIN) |
471 |
| 650 #4 - PUNTO DE ACCESO ADICIONAL DE MATERIA--TÉRMINO DE MATERIA |
| Término de materia o nombre geográfico como elemento de entrada |
Ensayo latinoamericano |
| 9 (RLIN) |
8935 |
| 650 #4 - PUNTO DE ACCESO ADICIONAL DE MATERIA--TÉRMINO DE MATERIA |
| Término de materia o nombre geográfico como elemento de entrada |
Escritores hispanoamericanos |
| Subdivisión cronológica |
SIGLO XIX |
| Subdivisión general |
Pensamiento social |
| 9 (RLIN) |
8936 |
| 830 #0 - PUNTO DE ACCESO ADICIONAL DE SERIE-TÍTULO UNIFORME |
| Título uniforme |
SepSetentas, |
| Designación de volumen o secuencia |
14 |
| 9 (RLIN) |
8937 |
| 910 ## - DATOS DE OPCIÓN DEL USUARIO (OCLC) |
| Datos de opción del usuario |
Catalogación por copia / LC |